Dictionnaire de conversation al'usage des dames et des jeunes personnes, ou complement necessaire de toute bonne éducation.

Detalles Bibliográficos
Formato: Libro
Publicado: París 1841
Materias:
Colección:Banco de datos
Acervo:Biblioteca del Convento de San Pablo. Yuririahupándaro. Guanajuato
Descripción Física:t. VII
Tema general:Diccionarios
Notas:Buena. 3F3, 19.
LEADER 00727nam a22001930004500
035 |a 36838 
036 |a 2479 
245 1 0 |a Dictionnaire de conversation al'usage des dames et des jeunes personnes, ou complement necessaire de toute bonne éducation. 
260 |a París  |b Langlois et Leclercq ed., Bèthune et Plon imp.  |c 1841 
300 |a t. VII 
500 |a Buena. 3F3, 19. 
650 1 0 |a Diccionarios 
949 |a CRG-CY 
959 |a Ex convento de San Pablo, Museo Regional de Yuririahpúndaro, Guanajuato  |b CCC9 
960 |a Convento San Pablo Yuririahpúndaro, Guanajuato  |b DD86 
961 |a Agustina  |b OA 
942 |c CRG-CY 
943 |g Biblioteca del Convento de San Pablo. Yuririahupándaro. Guanajuato 
999 |c 957504  |d 957504